000 00464cam a22001457a 4500
008 180718b1972 xxu||||| |||| 00| 0 eng d
082 _aO97x42 W673
100 _aWilliams, Jean Morton
245 _aAbortion and contraception: a study of patients attitudes
_cby Jean Morton Williams and Keith Hindell
260 _aLondon
_bPEP
_c1972
300 _a62p.
440 _aBroadsheet no.536, v.38
650 _aBirth control --Great Britain
700 _aHindell, Keith
999 _c437503
_d437503